[Event "Copenhagen Obro New Year op"]
[Site "Copenhagen"]
[Date "2012.12.29"]
[Round "5"]
[White "Pedersen, Thomas Vils"]
[Black "Skjoldager, Per"]
[Result "1-0"]
[WhiteElo "2073"]
[BlackElo "2077"]
[PlyCount "147"]
[EventDate "2012.12.27"]
[EventType "swiss"]
[EventRounds "7"]
[EventCountry "DEN"]
[SourceTitle "CBM 152 Extra"]
[Source "ChessBase"]
[SourceDate "2013.02.25"]
[SourceVersion "1"]
[SourceVersionDate "2013.02.25"]
[SourceQuality "1"]

1. d4 Nf6 2. Nf3 e6 3. g3 b6 4. Bg2 Bb7 5. c4 Be7 6. 0-0 0-0 7. d5 exd5 8. Nh4 Re8 9. Nf5 d6 10. Nc3 Qd7 11. Ne3 c6 12. cxd5 c5 13. a4 Na6 14. Nc4 Nb4 15. e4 Ba6 16. b3 h6 17. Bf4 Nh7 18. Re1 g5 19. Be3 Bf6 20. Rc1 Bg7 21. f3 Nf8 22. Bf1 Ng6 23. Bf2 Ne5 24. Nxe5 Bxe5 25. Bxa6 Nxa6 26. Qd2 Kh7 27. Nd1 f5 28. Ne3 fxe4 29. fxe4 Nb4 30. Nf5 Bg7 31. g4 Be5 32. Kg2 Rg8 33. h4 Rg6 34. hxg5 Rxg5 35. Kf3 Rf8 36. Rh1 Qg7 37. Ke2 Rgxf5 38. gxf5 Qg4+ 39. Kf1 Bf4 40. Qd1 Qg7 41. Rc4 a6 42. Rg1 Qe5 43. Rxb4 cxb4 44. Bd4 Qe7 45. Rg7+ Qxg7 46. Bxg7 Kxg7 47. Qd4+ Be5 48. Qxb6 h5 49. Qg1+ Kf6 50. Qg6+ Ke7 51. Qxh5 Rh8 52. Qg6 Rh4 53. Qe6+ Kd8 54. f6 Rf4+ 55. Ke2 Rxf6 56. Qg8+ Kc7 57. Qa8 Bd4 58. Qxa6 Bb6 59. a5 Bc5 60. e5 Rh6 61. Qc6+ Kd8 62. e6 Rh2+ 63. Kd3 Rh3+ 64. Kc4 Rh7 65. a6 Ra7 66. Kb5 Rc7 67. Qa8+ Ke7 68. Qg8 Ra7 69. Qf7+ Kd8 70. Qf8+ Kc7 71. e7 Rb7+ 72. axb7 Kxb7 73. e8Q Ba7 74. Qc6# 1-0

[Event "Copenhagen Obro New Year op"]
[Site "Copenhagen"]
[Date "2012.12.27"]
[Round "2"]
[White "Brinck Claussen, Bjorn"]
[Black "Pedersen, Thomas Vils"]
[Result "1-0"]
[WhiteElo "2260"]
[BlackElo "2073"]
[PlyCount "59"]
[EventDate "2012.12.27"]
[EventType "swiss"]
[EventRounds "7"]
[EventCountry "DEN"]
[SourceTitle "CBM 152 Extra"]
[Source "ChessBase"]
[SourceDate "2013.02.25"]
[SourceVersion "1"]
[SourceVersionDate "2013.02.25"]
[SourceQuality "1"]

1. e4 d5 2. exd5 Qxd5 3. Nc3 Qa5 4. d4 Nf6 5. Nf3 c6 6. Bd2 Bf5 7. Bc4 e6 8. Nd5 Qd8 9. Nxf6+ gxf6 10. Bf4 Bd6 11. Bg3 Qe7 12. c3 Nd7 13. Nh4 Bg6 14. Qf3 f5 15. 0-0 Nf6 16. Bxd6 Qxd6 17. g3 Ne4 18. Qe2 0-0-0 19. Ng2 Rhg8 20. Kh1 f4 21. Nxf4 Ng5 22. Nxg6 Rxg6 23. f4 Nh3 24. Qh5 c5 25. Qxh3 cxd4 26. Bd3 Rgg8 27. c4 Kb8 28. Rae1 h5 29. Qxh5 Rh8 30. Qe5 1-0

[Event "Copenhagen-ch Obro 70th"]
[Site "Copenhagen"]
[Date "2006.10.16"]
[Round "3"]
[White "Pedersen, Thomas Vils"]
[Black "Hermansson, Emil"]
[Result "0-1"]
[WhiteElo "2131"]
[BlackElo "2454"]
[PlyCount "90"]
[EventDate "2006.10.14"]
[EventType "swiss"]
[EventRounds "9"]
[EventCountry "DEN"]
[SourceTitle "EXT 2007"]
[Source "ChessBase"]
[SourceDate "2006.11.23"]
[SourceVersion "1"]
[SourceVersionDate "2006.11.23"]
[SourceQuality "1"]

1. d4 Nf6 2. Nf3 d5 3. c4 e6 4. g3 dxc4 5. Bg2 Nc6 6. Qa4 Bb4+ 7. Bd2 Nd5 8. Bxb4 Ndxb4 9. 0-0 Rb8 10. Nc3 a6 11. Ne5 0-0 12. Nxc6 Nxc6 13. Bxc6 bxc6 14. Qxc4 Qd6 15. a3 Rxb2 16. Na4 Rb5 17. Nc5 e5 18. a4 Rb6 19. Rfd1 a5 20. Rac1 Rb4 21. Qc2 exd4 22. Nd3 Bf5 23. Qxc6 Qxc6 24. Rxc6 Rxa4 25. Rxc7 g6 26. Ne5 Rc8 27. Rxc8+ Bxc8 28. Nc6 Ba6 29. Nxd4 Ra2 30. f4 a4 31. Kf2 a3 32. Ke3 Rb2 33. Ra1 a2 34. f5 Kg7 35. fxg6 hxg6 36. h4 Bc4 37. Kf3 Rb1 38. Nc2 Bb3 39. e3 Bxc2 40. Rxa2 Bd3 41. Ra3 Bc4 42. Ra4 Bb5 43. Rd4 Bc6+ 44. Kg4 Rf1 45. e4 Bxe4 0-1

[Event "Copenhagen-ch Obro 70th"]
[Site "Copenhagen"]
[Date "2006.10.15"]
[Round "2"]
[White "Mikkelsen, Nikolaj"]
[Black "Pedersen, Thomas Vils"]
[Result "1-0"]
[WhiteElo "2260"]
[BlackElo "2131"]
[PlyCount "81"]
[EventDate "2006.10.14"]
[EventType "swiss"]
[EventRounds "9"]
[EventCountry "DEN"]
[SourceTitle "EXT 2007"]
[Source "ChessBase"]
[SourceDate "2006.11.23"]
[SourceVersion "1"]
[SourceVersionDate "2006.11.23"]
[SourceQuality "1"]

1. e4 d5 2. exd5 Qxd5 3. Nc3 Qa5 4. d4 Nf6 5. Nf3 Nc6 6. Bb5 Nd5 7. Bd2 Nxc3 8. Bxc6+ bxc6 9. Bxc3 Qd5 10. h3 Ba6 11. Qd2 e6 12. Qe3 Be7 13. b3 0-0 14. 0-0-0 c5 15. dxc5 Bxc5 16. Qf4 Qf5 17. Qg3 Qg6 18. Qh4 h6 19. Rhe1 Bb7 20. Kb1 Bd6 21. Re3 a5 22. Rd4 f5 23. Ne5 Qg5 24. Qxg5 hxg5 25. Nc4 Bc5 26. Rd7 Rf7 27. Red3 Bd5 28. Rxf7 Kxf7 29. Ne5+ Ke8 30. Rg3 Be7 31. f4 a4 32. fxg5 axb3 33. axb3 c5 34. h4 f4 35. Rg4 Be4 36. Rxf4 Bxg2 37. Rf7 c4 38. Rxg7 Bf8 39. Rg8 Rb8 40. Rxf8+ Kxf8 41. Nd7+ 1-0

[Event "Copenhagen-ch Obro 70th"]
[Site "Copenhagen"]
[Date "2006.10.14"]
[Round "1"]
[White "Pedersen, Thomas Vils"]
[Black "Moller, Arne Vagn"]
[Result "1-0"]
[WhiteElo "2131"]
[BlackElo "1918"]
[PlyCount "101"]
[EventDate "2006.10.14"]
[EventType "swiss"]
[EventRounds "9"]
[EventCountry "DEN"]
[SourceTitle "EXT 2007"]
[Source "ChessBase"]
[SourceDate "2006.11.23"]
[SourceVersion "1"]
[SourceVersionDate "2006.11.23"]
[SourceQuality "1"]

1. d4 Nf6 2. Nf3 e6 3. g3 d5 4. c4 Bb4+ 5. Bd2 Bxd2+ 6. Qxd2 0-0 7. Bg2 Ne4 8. Qc2 Nc6 9. 0-0 f5 10. Nc3 Qf6 11. cxd5 Nb4 12. Nxe4 fxe4 13. Qxe4 exd5 14. Qe5 c6 15. Qxf6 Rxf6 16. a3 Na6 17. Ne5 Nc7 18. f4 Nb5 19. Rfd1 Nd6 20. Rac1 Be6 21. Rc3 Raf8 22. e3 h6 23. g4 Nf7 24. f5 Bc8 25. Nxf7 R8xf7 26. Bxd5 cxd5 27. Rxc8+ Kh7 28. Rdc1 Rb6 29. b4 Re7 30. Kf2 Re4 31. h3 h5 32. Rd8 hxg4 33. hxg4 Rh6 34. Rg1 Rh3 35. Rg3 Rxg3 36. Kxg3 Rxe3+ 37. Kf2 Re4 38. Rxd5 Rxg4 39. Kf3 Rg1 40. Rd7 Ra1 41. Ke4 Kh6 42. Rxb7 Rxa3 43. d5 Ra1 44. d6 Re1+ 45. Kd5 Kg5 46. Rxg7+ Kxf5 47. Rf7+ Kg6 48. Rf4 Kg5 49. Re4 Rxe4 50. Kxe4 Kf6 51. Kd5 1-0

[Event "Ribe EMT"]
[Site "Ribe"]
[Date "2002.04.05"]
[Round "1"]
[White "Bonnelykke, Ole"]
[Black "Pedersen, Thomas Vils"]
[Result "1/2-1/2"]
[WhiteElo "2127"]
[BlackElo "2064"]
[PlyCount "120"]
[EventDate "2002.04.05"]
[EventType "tourn"]
[EventRounds "5"]
[EventCountry "DEN"]
[SourceTitle "EXT 2023"]
[Source "ChessBase"]
[SourceDate "2022.10.05"]
[SourceVersion "1"]
[SourceVersionDate "2022.10.05"]
[SourceQuality "1"]

1. e4 d5 2. Nf3 dxe4 3. Ng5 Bf5 4. g4 Bg6 5. Bg2 h5 6. Nc3 Nf6 7. Ngxe4 Nxe4 8. Nxe4 e6 9. g5 Nc6 10. d3 Be7 11. h4 Qd7 12. Be3 0-0-0 13. f4 Bf5 14. 0-0 Bg4 15. Qd2 f6 16. a3 e5 17. fxe5 Nxe5 18. Nc5 Bxc5 19. Bxc5 Bh3 20. Rae1 Bxg2 21. Qxg2 Qd5 22. Qxd5 Rxd5 23. d4 Ng4 24. c4 Rdd8 25. d5 Ne5 26. Re4 Rde8 27. Kg2 Nd3 28. Rxe8+ Rxe8 29. gxf6 gxf6 30. Bd4 Re4 31. Bxf6 Rxc4 32. Bg5 b6 33. Rf8+ Kb7 34. Rh8 Rc2+ 35. Kf3 Rxb2 36. Rxh5 Rb3 37. Be7 Nc5+ 38. Ke2 Rxa3 39. Bxc5 bxc5 40. Rh7 Kb6 41. Rh6+ Kb7 42. Rc6 Rh3 43. Rh6 c4 44. Kd2 a5 45. Kc2 a4 46. d6 cxd6 47. Rxd6 Rxh4 48. Kc3 a3 49. Rd2 Kc6 50. Kb4 Rg4 51. Kxa3 Kc5 52. Kb2 Kb4 53. Rh2 Rg3 54. Rf2 Rb3+ 55. Kc2 Ra3 56. Kb2 c3+ 57. Kb1 Kb3 58. Rb2+ Kc4 59. Rh2 Kb3 60. Rb2+ cxb2 1/2-1/2

[Event "Politiken Cup 19th"]
[Site "Copenhagen"]
[Date "1997.07.06"]
[Round "2"]
[White "Pedersen, Thomas Vils"]
[Black "Bradbury, Neil H"]
[Result "0-1"]
[WhiteElo "2165"]
[BlackElo "2335"]
[PlyCount "70"]
[EventDate "1997.07.??"]
[EventType "swiss"]
[EventRounds "11"]
[EventCountry "DEN"]
[SourceTitle "EXT 2000"]
[Source "ChessBase"]
[SourceDate "1999.11.16"]
[SourceVersion "1"]
[SourceVersionDate "1999.11.16"]
[SourceQuality "1"]

1. d4 Nf6 2. Nf3 e6 3. c4 c5 4. d5 exd5 5. cxd5 d6 6. Nc3 g6 7. g3 Bg7 8. Bg2 0-0 9. 0-0 Bg4 10. Nd2 Qd7 11. a4 Bh3 12. Nc4 Bxg2 13. Kxg2 Na6 14. Bf4 Nh5 15. Bxd6 Rfe8 16. f3 f5 17. f4 Bxc3 18. bxc3 Re4 19. Nd2 Qxd6 20. Nxe4 fxe4 21. f5 Nc7 22. c4 Ne8 23. fxg6 hxg6 24. e3 Nhf6 25. Rb1 Qe7 26. Qb3 Nd6 27. Qc3 Nd7 28. Rf4 Qg7 29. Qxg7+ Kxg7 30. a5 Re8 31. Rbf1 Re7 32. h3 Nxc4 33. d6 Nxd6 34. Rd1 Nc4 35. Kf2 Nxa5 0-1